Statistiques concernant Mots de la langue française terminés par "uche"

Cliquez ici pour prendre le quiz!

Statistiques générales

  • Ce quiz a été pris 175 fois
  • Le résultat moyen est 15 sur 25

Statistiques - réponses

IndiceMot% Correct
grosse cuillèrelouche
94%
taonmouche
86%
maison mielleuseruche
85%
litcouche
84%
contacttouche
80%
humoriste et comédien françaisColuche
78%
doudoupeluche
76%
munitioncartouche
73%
maladiecoqueluche
73%
récipientcruche
73%
oiseau exotiqueperruche
72%
originesouche
71%
ouverturebouche
69%
bohémien (familier)manouche
69%
jet d'eaudouche
67%
oiseauautruche
58%
maladroitgauche
52%
coffre à nourriturehuche
50%
jeune femme (familier et péjoratif)greluche
40%
obstacleembuche
37%
férocefarouche
36%
engagementembauche
28%
dévergondagedébauche
27%
essaiébauche
23%
accrochageescarmouche
20%

Distribution des résultats

Percentile par nombre de réponses

% des personnes avec chaque résultat

Votre développement - résultats

Vous n’avez pas pris ce quiz